Drapeaux des pays d'Europe - Carte Quiz. - Statistiques

Statistiques générales
  • Ce quiz a été pris 77 480 fois
  • Le résultat moyen est 23 sur 45
Réponses sur la Carte
Les réponses sont colorées sur une échelle allant du rouge au vert en fonction du pourcentage des utilisateurs qui les ont devinées à leur premier essai. Vous pouvez retrouver ces pourcentages ci-dessous.
 
Statistiques - réponses
Réponse % Correct
75%
75%
74%
70%
69%
69%
66%
66%
66%
64%
63%
63%
59%
57%
56%
55%
55%
55%
54%
54%
53%
53%
52%
51%
50%
48%
48%
46%
43%
43%
42%
42%
41%
41%
40%
40%
38%
37%
33%
32%
32%
30%
30%
29%
28%
Aucun quiz correspondant
Distribution des résultats
% des personnes avec chaque résultat
Percentile par nombre de réponses
Votre historique - résultats
Vous n’avez pas pris ce quiz